Niektoré nedostatky pracovných zmlúv
Príspevok poukazuje na všeobecné nedostatky pracovných zmlúv, na nedostatky pri spracúvaní osobných údajov, najmä na uvádzanie nadbytočných osobných údajov v pracovných zmluvách, ďalej na uvádzanie súhlasu so spracúvaním osobných údajov v pracovných zmluvách, ako aj zverejňovanie pracovných zmlúv na...
Salvato in:
| Autore principale: | |
|---|---|
| Natura: | Capitolo di libro |
| Lingua: | slovacco |
| Soggetti: | |
| Tags: |
Nessun Tag, puoi essere il primo ad aggiungerne!!
|
MARC
| LEADER | 00000naa a2200000 4500 | ||
|---|---|---|---|
| 001 | 0308177 | ||
| 005 | 20250416094436.2 | ||
| 041 | 0 | |a slo | |
| 044 | |a SK | ||
| 245 | 1 | 0 | |a Niektoré nedostatky pracovných zmlúv |c Anton Ukropec |
| 520 | |a Príspevok poukazuje na všeobecné nedostatky pracovných zmlúv, na nedostatky pri spracúvaní osobných údajov, najmä na uvádzanie nadbytočných osobných údajov v pracovných zmluvách, ďalej na uvádzanie súhlasu so spracúvaním osobných údajov v pracovných zmluvách, ako aj zverejňovanie pracovných zmlúv na webových sídlach obcí. | ||
| 610 | 2 | 0 | |a zmluvy pracovné |
| 610 | 2 | 0 | |a údaje osobné |
| 610 | 2 | 0 | |a legislatíva |
| 610 | 2 | 0 | |a zamestnanci |
| 610 | 2 | 0 | |a zamestnávatelia |
| 610 | 2 | 0 | |a výkony pracovné |
| 100 | 1 | |a Ukropec, Anton | |